Every Incorporated City in the Wenatchee Metro Area - Statistics

General Stats
  • This quiz has been taken 4 times
  • The average score is 7 of 10
Answer Stats
# County Population Answer % Correct
3 Chelan 4,607 Chelan
100%
2 Douglas 14,250 East Wenatchee
100%
1 Chelan 35,519 Wenatchee
100%
4 Chelan 3,146 Cashmere
67%
5 Chelan 2,457 Leavenworth
67%
7 Douglas 1,543 Rock Island
67%
9 Douglas 1,131 Waterville
67%
6 Douglas 2,153 Bridgeport
33%
8 Chelan 1,459 Entiat
33%
10 Douglas 328 Mansfield
33%
No matching quizzes found
Score Distribution
Percent of People with Each Score
Percentile by Number Answered
Your Score History
You have not taken this quiz